PRINCIPLES AND PRACTICE OF PRIMARY CARE SPORTS MEDICINE (Record no. 3755)
[ view plain ]
| 000 -LEADER | |
|---|---|
| fixed length control field | 00355nam a22001457a 4500 |
| 003 - CONTROL NUMBER IDENTIFIER | |
| control field | OSt |
| 005 - DATE AND TIME OF LATEST TRANSACTION | |
| control field | 20210914142523.0 |
| 008 - FIXED-LENGTH DATA ELEMENTS--GENERAL INFORMATION | |
| fixed length control field | 210914b |||||||| |||| 00| 0 eng d |
| 020 ## - INTERNATIONAL STANDARD BOOK NUMBER | |
| International Standard Book Number | 0781729564 |
| 040 ## - CATALOGING SOURCE | |
| Transcribing agency | HU |
| 100 ## - MAIN ENTRY--PERSONAL NAME | |
| Personal name | GARRETT; JR. |
| 9 (RLIN) | 3514 |
| 245 ## - TITLE STATEMENT | |
| Title | PRINCIPLES AND PRACTICE OF PRIMARY CARE SPORTS MEDICINE |
| 300 ## - PHYSICAL DESCRIPTION | |
| Extent | 677 |
| 942 ## - ADDED ENTRY ELEMENTS (KOHA) | |
| Source of classification or shelving scheme | Dewey Decimal Classification |
| Koha item type | Books like text book referance book |
| Suppress in OPAC | No |
| Withdrawn status | Lost status | Source of classification or shelving scheme | Damaged status | Not for loan | Home library | Current library | Shelving location | Date acquired | Total Checkouts | Full call number | Barcode | Date last seen | Copy number | Price effective from | Koha item type |
|---|---|---|---|---|---|---|---|---|---|---|---|---|---|---|---|
| Dewey Decimal Classification | Natural & Computational Science Library | Natural & Computational Science Library | General Stacks | 09/14/2021 | 617.1027/PRI | NSCLIB00008432 | 09/14/2021 | 1 | 09/14/2021 | Books like text book referance book |